Резание металлов и режущий инструмент: пер. с рус.

Podrobná bibliografie
Hlavní autor: Аршинов В. А. Василий Андреевич
Další autoři: Алексеев Г. А. Георгий Александрович
Shrnutí:На англ. яз.
Исключено из фонда НТБ ТПУ
Jazyk:angličtina
Vydáno: Москва, Мир, 1973
Médium: Kniha
KOHA link:https://koha.lib.tpu.ru/cgi-bin/koha/opac-detail.pl?biblionumber=356960

MARC

LEADER 00000nam0a2200000 4500
001 356960
005 20231101042108.0
035 |a (RuTPU)RU\TPU\retro\14220 
090 |a 356960 
100 |a 20200724d1973 m y0rusy50 ca 
101 1 |a eng  |c rus 
102 |a RU 
105 |a a j 001zy 
200 1 |a Резание металлов и режущий инструмент  |d Metal Cutting Theory and Cutting Tool Design  |e пер. с рус.  |f В. А. Аршинов, Г. А. Алексеев 
210 |a Москва  |c Мир  |d 1973 
215 |a 568 с.  |c ил. 
300 |a На англ. яз. 
320 |a Алф.-предм. указ.: с. 560-568 
333 |a Исключено из фонда НТБ ТПУ 
454 1 |0 (RuTPU)RU\TPU\book\58223  |t Резание металлов и режущий инструмент  |o учебник  |f В. А. Аршинов, Г. А. Алексеев  |e 2-е изд., перераб. и доп.  |c Москва  |n Машиностроение  |d 1968  |p 480 с.  |a Аршинов, Василий Андреевич 
510 1 |a Metal Cutting Theory and Cutting Tool Design  |z eng 
675 |a 621.91(075.3)  |v 4 
675 |a 621.9.02(075.3)  |v 4 
700 1 |a Аршинов  |b В. А.  |g Василий Андреевич 
701 1 |a Алексеев  |b Г. А.  |g Георгий Александрович 
801 1 |a RU  |b 63413507  |c 20200724 
801 2 |a RU  |b 63413507  |c 20221114  |g RCR 
942 |c BK